| 000 | 00968nam a22002895a 4500 | ||
|---|---|---|---|
| 005 | 20150813141104.0 | ||
| 008 | 150813t1994 nyua|||fr|||| 00| 0 eng d | ||
| 010 | _a 93014289 | ||
| 020 | _a0471579300 (pbk.) | ||
| 020 | _a9780471579304 | ||
| 040 |
_aEG-ScBUE _beng _cEG-ScBUE |
||
| 082 | 0 | 4 |
_a620 _bWRI _222 |
| 100 | 1 | _aWright, Paul H. | |
| 245 | 1 | 0 |
_aIntroduction to engineering / _cPaul H. Wright. |
| 250 | _a2nd ed. | ||
| 260 |
_aNew York : _bJohn Wiley & Sons, _c1994. |
||
| 300 |
_aix, 262 p. : _bill. ; _c24 cm. |
||
| 500 | _aIndex : p. 259-262. | ||
| 504 | _aIncludes bibliographical references | ||
| 590 | _ayassmeen ashraf | ||
| 650 | 0 |
_aEngineering. _2BUEsh |
|
| 651 | _2BUEsh | ||
| 653 |
_bENGGEN _cAugust2015 |
||
| 856 | 4 |
_3Table of Contents only _uhttp://www.loc.gov/catdir/toc/onix04/93014289.html |
|
| 856 | 4 |
_3Publisher description _uhttp://www.loc.gov/catdir/enhancements/fy0607/93014289-d.html |
|
| 942 |
_cBB _k620 WRI _2ddc |
||
| 999 |
_c4001 _d4001 |
||